=LDR 00000nam 2200000 4500 =001 INLIS000000000003536 =005 20130612091834 =008 ***********************************Ind** =035 ##$$0010-061300000003536 =041 ##$$a Ind =082 ##$$a 612.662 =090 ##$$a 612.662, Bra s =100 ##$$a Braam, Wiebe =245 ##$$a 100 pertanyaan mengenai haid, Wiebe Braam, Aart Lemhins; diterjemahkan oleh Ny. Sri Moersadik =250 ##$$a Seri warna No. 1 =260 ##$$a 1992 $b Jakarta =300 ##$$a 150 hlm., ilus., 18 cm =650 ##$$a Haidmatika =700 ##$$a Sri Mursadik, Ny =850 ##$$a NBPNMAT